000 00747nam a2200241Ia 4500
003 OSt
005 20220923212800.0
006 a|||||r|||| 00| 0
007 ta
008 220922b |||||||| |||| 00| 0 hin d
024 _a155,785
037 _cTextual
040 _aARTS
_cARTS
_bhin
041 _2hin
_ahin
082 _aO152:g, J2
100 _aअरूण
245 0 _aहिन्दी साहित्य पर संस्कृत साहित्य का प्रभाव
246 _aHindī sāhitya par sanskṛut sāhitya kā prabhāva
260 _c1952
650 _aहिन्दी साहित्य
_9156264
942 _hO152:g, J2
_cTEXL
_2CC
999 _c311253
_d311253